00514nam a2200169 a 4500001001000000003000900010005001700019008004100036040002500077082001900102100001900121245007400140260003600214300002100250650003300271650004000304000034888DO-SdBNP20250617121546.0111021s1974 ag 000 0 spa d aDO-SdBNPbspacBNPHU a306.362bC626a1 aClementi, Hebe13aLa abolición de la esclavitud en América Latina /cHebe Clementi. aBuenos Aires :bPleyade,c1974. a219 p. ;c20 cm. 0aEsclavitudzAmérica Latina 0aTrata de esclavoszAmérica Latina